| 000 | 00658nam a2200253 a 4500 | ||
|---|---|---|---|
| 001 | adlib96000001 | ||
| 003 | ViArRB | ||
| 005 | 200902210153555.7 | ||
| 008 | 960221s1955 dcuabcdjdbkoqu001 0deng d | ||
| 020 | _a | ||
| 022 | _a | ||
| 040 | _aAdlib | ||
| 082 | _a92 | ||
| 245 | _alife and times of Elizabeth: test | ||
| 250 | _a | ||
| 260 |
_aNew York _bThe curtis _c1967 |
||
| 300 |
_a75p.; Photos _c |
||
| 500 | _a | ||
| 100 |
_aRosaro, Massimo _e |
||
| 700 |
_a _a |
||
| 942 | _cCR | ||
| 653 | _aElizabeth, Queen of England and Ireland | ||
| 952 |
_w2010-06-16 _p00003773 _r2010-06-16 _40 _00 _bUL _10 _o92 LIF/E _d2010-06-16 _70 _yREF _aUL |
||
| 999 |
_c29419 _d29418 |
||